000 00920nam a2200253Ia 4500
003 OSt
005 20220923211020.0
006 a|||||r|||| 00| 0
007 ta
008 220922b |||||||| |||| 00| 0 hin d
020 _a8170555779 (hbk)
_c200
024 _a242,115
037 _b493, 04/03/2010, Vani Prakashan
_cTextual
040 _aARTS
_cARTS
_bhin
041 _2hin
_ahin
082 _aO152:g(Y:6), N7
100 _aबद्री नारायण, संपा.
_9157170
245 0 _aसाहित्य और सामाजिक परिवर्तन
246 _aSāhitya aur sāmājik parivartana
260 _aनयी दिल्ली
_b वाणी प्रकाशन
_c1997
300 _a133पृ.
_ccm.
942 _hO152:g(Y:6), N7
_cTEXL
_2CC
999 _c293956
_d293956